LEADER 01100nam a2200265 i 4500 001 000000171029 003 CaOOAMICUS 005 20080718000000.0 008 080718s1980 it u000 u ita u 013 $a148453 040 $aSeMil$bita 100 1 $aLeymarie, Jean.$0(OLS)http://semarc/name/44834 245 13$aLa pittura impressionista /$cSaggi di Jean Leymarie [e] Bruno F. Schneider. 260 $aTorino :$bLe edizioni del Bibliofilo,$c1980. 300 $a187 c. :$briccamente ill. ;$c34 cm. 490 0 $aCollezione «Ottocento europeo» 500 $aContiene : Nota bibliografica. 650 4$aImpressionismo.$0(OLS)http://semarc/subject/9495 700 1 $aSchneider, Bruno F.$0(OLS)http://semarc/name/63972 830 0$aOttocento europeo.$0(OLS)http://semarc/title/26086 850 $aSeMil 852 $aSeMil$W1$xVenegono$y1$m5V X 8$j121906$B121906$CSeMilBibl$Z2$F135511 $8I 961 $aOmaggio: Deponti Angela 996 $6245$aLa pittura impressionista$9(OLS)http://semarc/title/244670 996 $6260$aTorino :$bLe edizioni del Bibliofilo$9(OLS)http://semarc/publisher/35210 LEADER 00638nam a2200193 i 4500 001 000000201520 003 CaOOAMICUS 005 20141017000000.0 008 141017n it u000 u ita u 013 $a180222 040 $aSeMil$bita 245 10$aCura d'anime speciale. 300 $aXXIII, 650 p. 500 $aFondo card. Giovanni Colombo. 773 0 $aKrieg, Cornelio$tScienza pastorale.$b3. ed.$dTorino ; Roma : Marietti, 1929.$w()30735 850 $aSeMil 852 $aSeMil$W1$xVenegono$y1$m3GC III 172$j152046$B152046$CSeMilBibl$Z2$F163222 $8B 941 1 $a3 996 $6245$aCura d'anime speciale$9(OLS)http://semarc/title/79819